Potenciální dopady nové bankovní regulace na bankovní sektor v České republice
Súčasné trendy na finančnom trhu v Českej republike a v Európe. Návrh regulácie finančného systému, konkrétne regulácie bankového systému zo strany medzinárodných inštitúcií smerujúcich k tomu aby sa predišlo možnej neefektivite, s potencionálnym dopadom na bankový sektor v Českej republike.
Gespeichert in:
| 1. Verfasser: | |
|---|---|
| Format: | Buchkapitel |
| Sprache: | Tschechisch |
| Schlagworte: | |
| Tags: |
Keine Tags, Fügen Sie das erste Tag hinzu!
|
MARC
| LEADER | 00000naa a2200000 4500 | ||
|---|---|---|---|
| 001 | 0157844 | ||
| 005 | 20231116110352.3 | ||
| 041 | 0 | |a cze | |
| 044 | |a CZ | ||
| 245 | 1 | 0 | |a Potenciální dopady nové bankovní regulace na bankovní sektor v České republice |c Zdeněk Pavlík |
| 520 | |a Súčasné trendy na finančnom trhu v Českej republike a v Európe. Návrh regulácie finančného systému, konkrétne regulácie bankového systému zo strany medzinárodných inštitúcií smerujúcich k tomu aby sa predišlo možnej neefektivite, s potencionálnym dopadom na bankový sektor v Českej republike. | ||
| 610 | 2 | 0 | |a regulácia finančná |
| 610 | 2 | 0 | |a bankovníctvo |
| 610 | 2 | 0 | |a Česko |
| 610 | 2 | 0 | |a trh finančný |
| 610 | 2 | 0 | |a kríza finančná |
| 610 | 2 | 0 | |a Európska centrálna banka |
| 100 | 1 | |a Pavlík, Zdeněk | |